1730 1085 1795 1542 1584 1251 1848 1220 1480 1890 1947 1991 1985 1784 1922 1774 1542 1444 1668 1619 1475 1123 1010 1784 1843 1387 1704 1149 1302 1992 1463 1876 1624 1341 1305 1544 1830 1103 1010 1331 1560 1642 1094 1953 1724 1621 1709 1191 1816 1625 1493 1902 1837 1163 1893 1699 1211 1717 1131 1703 1613 1041 1821 1655 1767 1758 1449 1582 1665 1131 1239 1011 1171 1757 1397 1157 1784 1332 1432 1240 1266 1457 1657 1000 1784 1881 1963 1473 1620 1436 1690 1027 1793 1077 1345 1423 1315 1327 1920 BCNSPRNW ULIB Ver.6.0+V

เปลี่ยนเป็นภาษาไทย

Change to English
 แสดงรายละเอียดบรรณานุกรม
  กลับหน้าหลัก

Brief Record : Get Marc (ISO 2709) : E-mail record : QR code < ปิดหน้าต่าง
LEADER : 00000nam 2200000uu 4500
001    13399112507
003     ULIB
008    110819s2548||||th 000 0 tha d
020    9789990815764 ล.1
050 04 LC5901^bส321ก 2548
245 00 การศึกษาทางไกลสอนบนเว็บ /^cแปลและเรียบเรียงโดย ศักดา ปัญจพรผล
250    พิมพ์ครั้งที่ 1
260    กรุงเทพฯ :^bศูนย์เด็กที่มีความสามารถพิเศษแห่งประเทศไทย,^c2548
300     2 เล่ม
504    บรรณานุกรม: หน้า 312-313
505 0  ล.1^tDistance education book 1 --ล.2^tDistance education book 2
650  7 การศึกษาทางไกล
650  7 เว็บไซต์
650  7 คอมพิวเตอร์ช่วยการสอน
700 00 ศักดา ปัญจพรผล,^eผู้แปล
710 20 ศูนย์เด็กที่มีความสามารถพิเศษแห่งประเทศไท
945    ^p295^l0^i027735
995    ทศพร
999 ^a ทศพร
รายการนี้ยังไม่มีแท็ก
คุณยังไม่ได้ล็อกอิน คุณสามารถมีกิจกรรมร่วมกับเว็บไซต์ได้ แต่ต้องล็อกอินก่อน ::
  ล็อกอิน

รายการสื่อสารสนเทศ

ลำดับที่ ประเภท เลขเรียก/บาร์โค้ด สถานที่ สถานะ
- ไม่พบข้อมูล -

รายการใกล้เคียง
    หัวเรื่อง [เว็บไซต์]
    หัวเรื่อง [คอมพิวเตอร์ช่วยการสอน]

BibComment


ยังไม่เคยถูกคอมเมนท์

คอมเมนท์ทรัพยากรรายการนี้
  คอมเมนท์: การศึกษาทางไกลสอน..


 Copyright 2026. Bcnsprnw @Library